01261nam a22002897a 4500952009200000999001700092005001700109008004100126020001800167050001600185100002900201245009900230250001600329260005100345300001600396500005600412505015400468519009000622650003400712650003000746650002600776650003500802700003800837700004100875700004800916942000700964 00104070a19b19d2014-10-22l0oLB1051 M39p19 001906r2014-10-22t1w2014-10-22yLB c94756d9475620231102151742.0140820s2011 sp ak||| |||| 00| 0 spa d a978842053524107aLB1051bM39 aMayer, Richard E.eautor13aPsicología de la educacióncRichard E.Mayerb: el aprendizaje en las areas de conocimiento a1a edicion  aMadrid, España b: Pearson Educaciónc2011 a264 paginas aIndice de materias,Indice de autores y referencias  aIntroducción al aprendizaje en las diferentes áreas de conocimiento. Flacidez lectora. Comptención lectora. Escritura. Matemáticas. Ciencias. aEducación Mixta / bPedagogía / cMaterial Complementario (B03-5) / d(19 001906)17aPSICOPEDAGOGÍAvAPRENDIZAJE17aPSICOLOGÍAvEDUCACIÓN17aCOMPRENSIÓN LECTORA17aPSICOLOGÍA DE LA EDUCACIÓN aNavarro José Ignacioetraductor aNavarro Catellet, Brendaetraductora aBueno, José Antonioerevición técnica cLB